00561 a2200169 450000500170000001000140001702000230003103500130005403700150006708200110008210000230009324500760011626000450019227000620023730000420029950000500034120190214145010.0 aENG-88485 a0195683986c695.00 aEN-72018 bDBAD / PUB a863.16 aMitra, Priti Kumar aThe dissent of Nazrul Islam:cby Priti Kumar Mitrabpoetry and history/ aNew DelhibOxford University Pressc2007 aYMCA Library Building, Jai Singh RoadbNew Delhie110 001 axxiii, 330p.c22cm (Hb )bb&w photos aIncludes bibliographical references and index